000 00491nam a2200169Ia 4500
003 IN-BaIIA
008 211028s9999 xx 000 0 eng d
040 _cIIA Library
080 _a535.5
_bSHU
100 _aShurcliff, William A.
_94106
245 0 _aPolarized light
_cWilliam A. Shurcliff
260 _aCambridge
_bHarvard University Press
_c1962
300 _aix, 207p.
650 _aNASA thesaurus
650 _aPolarized light
_94107
942 _cBK
999 _c2293
_d2293